Management Education in Theological Institutions. (Record no. 11078)

MARC details
000 -LEADER
fixed length control field 00395nam a22001577a 4500
003 - CONTROL NUMBER IDENTIFIER
control field OSt
005 - DATE AND TIME OF LATEST TRANSACTION
control field 20221122093530.0
008 - FIXED-LENGTH DATA ELEMENTS--GENERAL INFORMATION
fixed length control field 221122b |||||||| |||| 00| 0 eng d
040 ## - CATALOGING SOURCE
Transcribing agency DLC
050 ## - LIBRARY OF CONGRESS CALL NUMBER
Item number AL374M
082 ## - DEWEY DECIMAL CLASSIFICATION NUMBER
Item number AL374M
245 ## - TITLE STATEMENT
Title Management Education in Theological Institutions.
260 ## - PUBLICATION, DISTRIBUTION, ETC.
Place of publication, distribution, etc. Chennai, Tamil Nadu:
Name of publisher, distributor, etc. Christian manager,
Date of publication, distribution, etc. 2019.
300 ## - PHYSICAL DESCRIPTION
Extent 176p.
942 ## - ADDED ENTRY ELEMENTS (KOHA)
Source of classification or shelving scheme Dewey Decimal Classification
Koha item type Books
Holdings
Withdrawn status Lost status Source of classification or shelving scheme Damaged status Not for loan Collection code Home library Current library Shelving location Date acquired Full call number Barcode Date last seen Price effective from Koha item type
    Dewey Decimal Classification     Non-fiction Harvest Mission College Harvest Mission College General Stacks 29.11.2022 650 AL374M 012822 29.11.2022 29.11.2022 Books

OPAC Designed and Maintained by HMC Library Team.
Copyright © HMC Library,Greater Noida, UP.
For any Suggestions/Query Contact library via Email:libhmc@gmail.com